000
00248nam a2200097Ia 4500
001
688114
005
20250826161609.0
008
250824s9999 xx 000 0 und d
245
0
_a
SÖZÜN MİRACI DUA
_c
ÖMER DÖNGELOĞLU
260
_b
TİMAŞ YAYINLARI
999
_c
688114
_d
688114